000 00980cam a22002411i 4500
003 SA-RiAUC
005 20251113112552.0
008 251019s2004 ||| g 000 0 ara c
040 _aSA-JeALM
_bara
_cSA-RiAUC
_erda
082 0 4 _a213
090 _a213
_bا ب ن ح
100 1 _aابن حفيظ، عمر بن محمد بن سالم،
_d1383 هجري-
_eمؤلف.
245 1 2 _aالخطاب الإسلامي في المؤسسات الدينية بين الواقع والتطوير /
_cعمر بن محمد بن سالم بن حفيظ.
250 _aالطبعة الأولى.
264 1 _aتريم,اليمن :
_bدار الفقيه للنشر والتوزيع،
_c2004
300 _a32 صفحة؛
_c22 سم.
336 _aنص
_btxt
_2rdacontent
_3كتاب
337 _aبدون وسيط
_bn
_2rdamedia
338 _aمجلد
_bnc
_2rdacarrier
650 7 _aالدعوة الإسلامية
_2aucsh
942 _2ddc
_cBOOK
_n0
949 _aSA-JeALM
_d251019
_umohamedma123
_n1
999 _c13224
_d13224